| 000 | 00429nam a22001577a 4500 | ||
|---|---|---|---|
| 005 | 20250213093222.0 | ||
| 008 | 170605b xxu||||| |||| 00| 0 eng d | ||
| 020 | _a9780552170840 | ||
| 040 | _cPK-LaUMT | ||
| 082 |
_a956.010924 _bJOH-S |
||
| 100 |
_aJohn Man _94536 |
||
| 245 |
_aSaladin : _bthe life, the legend and the Islamic empire / _cby John Man |
||
| 260 |
_aLondon: _bCorgi books, _c2015 |
||
| 300 | _a381 p. | ||
| 942 | _cBK | ||
| 999 |
_c94322 _d94322 |
||